Statistics for Movies Set in Sweden

Click here to take the quiz!

General Stats

  • This quiz has been taken 49 times
  • The average score is 5 of 18

Answer Stats

DescriptionMovie% Correct
Punk girl with hacking skills helps a journalist unmask a Swedish serial killerThe Girl with the
Dragon Tattoo
76%
Based on a 1973 bank heist which is the origins of a famous syndromeStockholm
64%
Group of Americans travel to a fabled summer festival in the Swedish countryside
where a idyllic paradise transforms into a sinister nightmare
Midsommar
60%
Red-haired, freckled and superhumanly strong is able to lift her horse one-handedPippi Longstocking
52%
Medieval knight challenges Death to a chess game to save himself and his friendsThe Seventh Seal
40%
Two detectives investigate a murder that took place on the Danish-Swedish borderThe Bridge
33%
Bullied boy finds love and revenge through a beautiful, but peculiar girlLet the Right One In
31%
In the 1910s, two children of the Ekdahl family live in peace until their father diesFanny and Alexander
21%
Angry old man has given up on life... that is until he meets his new neighborsA Man Called Ove
19%
Nurse in charge of a mute actress finds that their personae are melding togetherPersona
19%
Farming family decide to embark on the arduous journey to new hope in AmericaThe Emigrants
12%
Woman questions her life choices as she travels to Stockholm to see her husband
receive the Nobel Prize for Literature
The Wife
12%
Prince is boarded to a new school, where he'd find loveYoung Royals
12%
Struggling museum chief art curator attempts to set up a controversial new exhibitThe Square
10%
A 18-years old girl is the prime suspect after a school shootingQuicksand
7%
The lives of a businesswoman, a gang enforcer and a troubled teenager collide
in a desperate pursuit of wealth
Snabba Cash
7%
Detective uncovers corruption at the heart of the Swedish establishment
while investigating a murder case in Scania
Wallander
7%
Man claiming to be a witness at the scene of the assassination of the prime minister
may have gotten away with murder
The Unlikely Murderer
0%

Score Distribution

Percentile by Number Answered

Percent of People with Each Score

Your Score History

You have not taken this quiz